| 000 -LEADER |
| fixed length control field |
00871nam a22002057a 4500 |
| 001 - CONTROL NUMBER |
| control field |
19642 |
| 003 - CONTROL NUMBER IDENTIFIER |
| control field |
BD-DhUAP |
| 005 - DATE AND TIME OF LATEST TRANSACTION |
| control field |
20210124123115.0 |
| 008 - FIXED-LENGTH DATA ELEMENTS--GENERAL INFORMATION |
| fixed length control field |
200223r20162015bg a|||| |||| 00| 0 ben d |
| 020 ## - INTERNATIONAL STANDARD BOOK NUMBER |
| International Standard Book Number |
9789849144793 |
| 040 ## - CATALOGING SOURCE |
| Original cataloging agency |
BD-DhUAP |
| Language of cataloging |
Ben |
| Transcribing agency |
BD-DhUAP |
| Modifying agency |
BD-DhUAP |
| 082 ## - DEWEY DECIMAL CLASSIFICATION NUMBER |
| Edition number |
23 |
| Classification number |
954.9205 CHO |
| 100 ## - MAIN ENTRY--PERSONAL NAME |
| Personal name |
চৌধুরী, মুস্তফা। |
| 245 ## - TITLE STATEMENT |
| Title |
'৭১-এর যুদ্ধশিশু : |
| Remainder of title |
অবিদিত ইতিহাস / |
| Statement of responsibility, etc. |
মুস্তফা চৌধুরী। |
| 260 ## - PUBLICATION, DISTRIBUTION, ETC. |
| Place of publication, distribution, etc. |
ঢাকা : |
| Name of publisher, distributor, etc. |
একাডেমিক প্রেস, |
| Date of publication, distribution, etc. |
২০১৫ [মুদ্রণ ২০১৬]। |
| 300 ## - PHYSICAL DESCRIPTION |
| Extent |
[৫৩], ৪৯৭ পৃষ্ঠা : |
| Other physical details |
চিত্র ; |
| Dimensions |
২৩ সেমি.। |
| 500 ## - GENERAL NOTE |
| General note |
নির্ঘণ্ট সম্বলিত। |
| 651 ## - SUBJECT ADDED ENTRY--GEOGRAPHIC NAME |
| Geographic name |
Bangladesh |
| General subdivision |
Liberation war |
| Form subdivision |
History |
| Chronological subdivision |
1971. |
| 942 ## - ADDED ENTRY ELEMENTS (KOHA) |
| Source of classification or shelving scheme |
|
| Koha item type |
Book |